000 00592nam a2200157 4500
999 _c14520
_d14520
008 191001b ||||| |||| 00| 0 eng d
022 _a01559982
082 _aDPer 657.05 Ac172 Mar 2012-Sept 2015 v. 36-39.
100 _940130
_aCohen, Sandra.
245 _aEffects of municipal, auditing and political factors on adult delay/
_cSandra Cohen and Stergios Leventis.
260 _aAmsterdam:
_bElsevier Ltd,
_c©Mar 2012-Sept 2015.
300 _av37 i1, pages 40-53:
_billustrations;
_c27 cm.
650 _aAuditing.
_941750
700 _940131
_aLeventis, Stergios.
_eAuthor.
942 _2ddc
_cPER